Practice vocabulary

Spremljeno u:
Bibliografski detalji
Glavni autor: Broukal, Milada
Format: Knjiga
Jezik:Undetermined
Izdano: Boston, MA Heinle & Heinle 2002
Teme:
Oznake: Dodaj oznaku
Bez oznaka, Budi prvi tko označuje ovaj zapis!
Thư viện lưu trữ: Trung tâm Học liệu Trường Đại học Cần Thơ
LEADER 00594nam a2200205Ia 4500
001 CTU_128309
008 210402s9999 xx 000 0 und d
020 |c 116000 
082 |a 428.1 
082 |b B875 
100 |a Broukal, Milada 
245 0 |a Practice vocabulary 
245 0 |c Milada Broukal 
260 |a Boston, MA 
260 |b Heinle & Heinle 
260 |c 2002 
650 |a Vocabulary,Vocabulary,English language 
650 |x Study guides.,Problems, exercises, etc.,Textbooks for foreign speakers. 
904 |i Minh 
980 |a Trung tâm Học liệu Trường Đại học Cần Thơ